Normal view MARC view
  • STUDENT EXPULSION - SOCIAL ASPECTS - GREAT BRITAIN - HISTORY - 21ST CENTURY

Entry Topical Term

Number of records used in: 1

001 - CONTROL NUMBER

  • control field: 4332

003 - CONTROL NUMBER IDENTIFIER

  • control field: CBULib

005 - DATE AND TIME OF LATEST TRANSACTION

  • control field: 20250131104412.0

008 - FIXED-LENGTH DATA ELEMENTS

  • fixed length control field: 250131|| aca||babn | a|a d

040 ## - CATALOGING SOURCE

  • Original cataloging agency: CBULib

150 ## - HEADING--TOPICAL TERM

  • Topical term or geographic name entry element: STUDENT EXPULSION - SOCIAL ASPECTS - GREAT BRITAIN - HISTORY - 21ST CENTURY